| 000 | 00345nam a2200145Ia 4500 | ||
|---|---|---|---|
| 100 | _aBladon/Stuant | ||
| 650 | _aElectrical Engineering | ||
| 942 | _cBK | ||
| 654 | _aObservers Book | ||
| 245 | _aNew Observer''''s Book Of Automobile | ||
| 260 |
_bFrederick Warne Pub. _aLondon _c1984 |
||
| 082 | _a629.2 | ||
| 300 | _a192 | ||
| 546 | _aENGLISH | ||
| 999 |
_c19746 _d19746 |
||